Přínosy vědeckotechnického rozvoje v oblasti výroby návrh měření

Gespeichert in:
Bibliographische Detailangaben
1. Verfasser: Abrahámová, Věra
Weitere Verfasser: Kučera, Jiří, Malina, Jiří
Format: Buch
Sprache:Tschechisch
Veröffentlicht: Praha Výzkumný ústav sociálně ekonomických informací 1983
Schriftenreihe:Studijní materiál č. 146
Tags: Tag hinzufügen
Keine Tags, Fügen Sie das erste Tag hinzu!

MARC

LEADER 00000nam a2200000 4500
001 c115258
005 20221207070445.8
041 0 |a cze 
044 |a CZ 
245 1 0 |a Přínosy vědeckotechnického rozvoje v oblasti výroby  |b návrh měření  |c Věra Abrahámová, Jiří Kučera, Jiří Malina 
264 1 |a Praha  |b Výzkumný ústav sociálně ekonomických informací  |c 1983 
300 |a 71 s. 
490 1 |a Studijní materiál  |v č. 146 
830 0 |a Studijní materiál  |v č. 146 
100 1 |a Abrahámová, Věra 
700 1 |a Kučera, Jiří 
700 1 |a Malina, Jiří